000 00773cab a2200253 4500
001 ABS57275
008 090401t1997 xxu||||| |||| 00| 0 eng d
035 _a(Sirsi) u80011
041 _aeng
245 _aWomen of substance
260 _c1997
350 _a0
490 _aEstate Agent
_vJuly 1997, 24-25(2)
520 _aReviews the changing position of women in the housing and mortgage markets. Uses various statistical data to show how household structures have changed and their effects on the property market.
650 _aAVERAGE EARNINGS
650 _aHOUSEBUYING
650 _aHOUSEHOLD STRUCTURE
650 _aMORTGAGES
650 _aWOMEN
650 _aWORKING PATTERNS
690 _aECONOMIC AND SOCIAL
942 _n0
948 _c30/07/1997
999 _c50355
_d50355